000 00625nam a2200217Ia 4500
003 OSt
005 20251128144600.0
008 221004b |||||||| |||| 00| 0 eng d
037 _cTB
040 _aCRL
_cCRL
_beng
041 _2eng
_aeng
084 _aT4.73 M0
_qCL
100 _aKarol, Nathaniel H
_9614941
245 0 _aManaging the higher education enterprise
260 _aNew York, USA:
_bJohn Wiley;
_c1980.
300 _a268p
_ccm.
650 _aHIGHER EDUCATION
_9853536
700 _a Ginsburg, Sigmund G
_9614942
942 _hT4:.73 M0
_cTB
_2CC
_n0
999 _c995322
_d995322